In our time: America from world war ii to Nixon (Record no. 224170)

MARC details
000 -LEADER
fixed length control field 00373nam a2200145Ia 4500
008 - FIXED-LENGTH DATA ELEMENTS--GENERAL INFORMATION
fixed length control field 230917s9999||||xx |||||||||||||| ||und||
040 ## - CATALOGING SOURCE
-- 42101
Original cataloging agency VIVEKANANDA LIBRARY
041 ## - Language
-- English
082 ## - DDC NUMBER
Classification number 973.92 H668I
100 ## - MAIN ENTRY--PERSONAL NAME
Personal name Hodgson, Godfrey
245 #0 - TITLE STATEMENT
Title In our time: America from world war ii to Nixon
260 ## - PUBLICATION, DISTRIBUTION, ETC. (IMPRINT)
Place of publication, distribution, etc London
Name of publisher, distributor, etc Macmillan
Date of publication, distribution, etc 1977
300 ## - PHYSICAL DESCRIPTION
Pages x, 564 p.
942 ## - ADDED ENTRY ELEMENTS (KOHA)
Koha item type Books
Holdings
Withdrawn status Lost status Damaged status Not for loan Location (home branch) Sublocation or collection (holding branch) Date acquired Koha issues (times borrowed) Koha full call number Accession No. Koha date last seen Koha item type
        VIVEKANANDA LIBRARY VIVEKANANDA LIBRARY 12/11/2002   973.92 H668I 90737 17/09/2023 Books
© Designed and Maintained by Vivekananda Library, MDU Rohtak